| 000 | 00858cab a2200265 4500 | ||
|---|---|---|---|
| 001 | WB3513-37 | ||
| 008 | 090401t1999 xxu||||| |||| 00| 0 eng d | ||
| 035 | _a(Sirsi) u92666 | ||
| 041 | _aeng | ||
| 245 | _aEx-tenants win methane fight | ||
| 260 | _c1999 | ||
| 350 | _a0 | ||
| 490 |
_aYorkshire Post _v9 April 1999, 8(1) |
||
| 520 | _aBarnsley Council has been forced to pay compensation to five former council house tenants who were not told about longstanding problems with methane gas leaks when they bought their homes in 1982. Leaks in 1995 blighted the value of the properties. | ||
| 650 | _aCOMPENSATION | ||
| 650 | _aCOUNCIL HOUSES | ||
| 650 | _aDEFECTS | ||
| 650 | _aMETHANE GAS | ||
| 650 | _aPROPERTY VALUE | ||
| 650 |
_aRESIDENTIAL PROPERTY _96266 |
||
| 650 | _aVALUE | ||
| 690 | _aHOUSING | ||
| 942 | _n0 | ||
| 948 | _c09/04/1999 | ||
| 999 |
_c58736 _d58736 |
||